| 000 | 01111nam a2200241Ia 4500 | ||
|---|---|---|---|
| 999 |
_c35730 _d35730 |
||
| 001 | 1605 | ||
| 003 | GE_BSU | ||
| 005 | 20221205102938.0 | ||
| 008 | 181216s1993||||ge |||||||||||||| ||geo|| | ||
| 040 | _cGE_BSU | ||
| 041 | _ageo | ||
| 080 | _a624.014 ბ–73 | ||
| 100 |
_aბიძინაშვილი, რ.ი. _916333 |
||
| 245 |
_aლითონის კოჭოვანი უჯრედის გაანგარიშება და დაპროექტება / _cრ. ი. ბიძინაშვილი; სამეც. რედ. ი.დ. მშვენიერაძე. |
||
| 264 |
_aთბილისი, _c1993. |
||
| 300 | _a82 გვ. | ||
| 541 | _h3 ლ. | ||
| 653 | _aლითონის კოჭოვანი უჯრედის გაანგარიშება | ||
| 653 | _aლითონის კოჭოვანი უჯრედის დაპროექტება | ||
| 653 | _aსამშენებლო. | ||
| 700 |
_aმშვენიერაძე, ი.დ. _eრედაქტორი _916334 |
||
| 942 |
_cBK _2udc |
||